000 02147nam a22002894i 4500
003 PE-LiUPU
005 20260218145558.0
008 110000s2011 bl a 000 0 por d
020 _a9788531112836
040 _aPE-LiUPU
_bpor
_cPE-LiUPU
_erda
082 0 4 _a220.569
_bS678b
_223
110 _aSociedade Bíblica do Brasil,
_eeditor.
_98082
245 1 0 _aBíblia Sagrada :
_bPobreza e Justiça -- Nova Tradução na Linguagem de Hoje /
_cAdaptación, edición y diagramación: Sociedade Bíblica do Brasil.
264 1 _aBarueri, SP :
_bSociedade Bíblica do Brasil,
_c2011.
300 _a1280 páginas :
_bilustraciones ;
_c23 cm
336 _atext
_2rdacontent
337 _aunmediated
_2rdamedia
338 _avolume
_2rdacarrier
500 _aIncluye notas, referencias, vocabulario e introducciones.
505 0 _aPrefácio para a Nova Tradução na Linguagem de Hoje -- Nota sobre os Auxílios para o Leitor -- Antigo Testamento: Gênesis -- Êxodo -- Levítico -- Números -- Deuteronômio -- Josué -- Juízes -- Rute -- 1 Samuel -- 2 Samuel -- 1 Reis -- 2 Reis -- 1 Crônicas -- 2 Crônicas -- Esdras -- Neemias -- Ester -- Jó -- Salmos -- Provérbios -- Eclesiastes -- Cântico dos Cânticos -- Isaías -- Jeremias -- Lamentações de Jeremias -- Ezequiel -- Daniel -- Oseias -- Joel -- Amós -- Obadias -- Jonas -- Miqueias -- Naum -- Habacuque -- Sofonias -- Ageu -- Zacarias -- Malaquias -- Novo Testamento: Mateus -- Marcos -- Lucas -- João -- Atos dos Apóstolos -- Romanos -- 1 Coríntios -- 2 Coríntios -- Gálatas -- Efésios -- Filipenses -- Colossenses -- 1 Tessalonicenses -- 2 Tessalonicenses -- 1 Timóteo -- 2 Timóteo -- Tito -- Filemom -- Hebreus -- Tiago -- 1 Pedro -- 2 Pedro -- 1 João -- 2 João -- 3 João -- Judas -- Apocalipse -- Vocabulário.
630 1 4 _aBiblia.
_lPortuguês.
_sNova Tradução na Linguagem de Hoje.
650 2 4 _aPobreza
_xAspectos bíblicos
_98152
650 2 4 _aJusticia
_xAspectos bíblicos
_98151
710 _aSociedade Bíblica Britânica e Estrangeira.
_98083
942 _2ddc
_cBK
980 _618228
_aRebeca Esther Huerta Leyton
_818226
_gJaime Vilcazán Jefe de Análisis Documental
999 _c63299
_d63298